00832 2200301 4500001002100000005001500021035002500036090002100061090002100082245005900103250001100162260003800173300002900211007000300240008004100243020002200284040001700306082001500323084001700338100002700355650002100382850001200403504003100415999002100446990002100467990002100488990002100509YOGYA00000000008609120200617034946 a0010-081400000085808 aDEP 616.22 SUT i aCB-D.11 2013-16700aInfeksi leher dalam /cpenulis, Sutji Pratiwi Rahardjo aCet. 13 aYogyakarta :bGraha Ilmu.,c2013. axii, 61 halaman ;c26 cmta131204s2013 yoia g ind d a978-979-756-974-7 aYOPDYOGbind04222a616.22 a616.22 SUT i0 aSutji Pratiwi Rahardjo 4aLeher--xInfeksi aYOPDYOG aBibliografi: halaman 59-61 aCB-D.11/2013-167 aCB-D.11/2013-167 aCB-D.11/2013-168 aCB-D.11/2013-167